Personnalités dont le nom commence par la lettre B (par images) - Statistiques

Statistiques générales
  • Ce quiz a été pris 826 fois
  • Le résultat moyen est 14 sur 20
Statistiques - réponses
Par images Réponse % Correct
Joe Biden
94%
Patrick Bruel
94%
Beyoncé
92%
Justin Bieber
90%
Karim Benzema
90%
David Beckham
79%
Jacques Brel
78%
Daniel Balavoine
75%
Carla Bruni
74%
David Bowie
74%
Jean-Paul Belmondo
74%
Brigitte Bardot
72%
Bourvil
71%
Monica Bellucci
55%
Georges Brassens
51%
Luc Besson
47%
Barbara
43%
Bono
36%
Pierce Brosnan
32%
Tim Burton
29%
Aucun quiz correspondant
Distribution des résultats
% des personnes avec chaque résultat
Percentile par nombre de réponses
Votre historique - résultats
Vous n’avez pas pris ce quiz